000 01302cam a2200157 i 4500
999 _c39307
_d39307
020 _a9781634838771
082 0 0 _a150.1
_bTHE-
245 0 0 _aTheories of psychology:
_bfundamentals, applications and future directions/
_cedited by Celia Higgins
260 _aNew York:
_bNova,
_c2015.
300 _aix, 85p.
_bIndex
500 _aIncludes index.
520 _aThis book provides fundamentals, applications and future directions of several theories of psychology. The first chapter focuses the classification of narcissism and argues multiple parallels between narcissistic behaviors and documented responses to justice threat. Chapter two examines if individuals who report living on following a gluten-free diet adhere across a typical week, and the behaviors involved in adhering to this specific diet. The purpose of chapter three is to study the effectiveness of a best possible physical activity intervention on perceived psychological need satisfaction, well-being, and physical activity. The final chapter examines the nature of the portrayal of African-American women athletes in popular magazines to understand the gendered and cultural messages that are sent about their sport and PA participation.
650 0 _aPsychology
_xPhilosophy.
700 1 _aHiggins, Celia
_eeditor.
942 _2ddc
_cBK